Sams teach yourself Illustrator 8 in 24 hours

Bibliographic Details
Main Author: Golding, Mordy
Format: Book
Published: Indianapolis, Ind , Sams , 1999
Subjects:

MARC

LEADER 00000cam a2200000 7i4500
001 0000007109
005 20050427.0
020 |a 0672313545 
040 |a INS 
090 0 0 |a T385.   |b G63937 1999 
100 1 |a Golding, Mordy 
245 1 0 |a Sams teach yourself Illustrator 8 in 24 hours   |c Mordy Golding 
260 |a Indianapolis, Ind ,   |c Sams ,   |c 1999 
300 |a 379 p. ;   |c 24 cm. 
650 0 0 |a Adobe Illustrator (Computer file) 
650 0 0 |a Computer graphics 
999 |a 0000007697   |b BOOK   |c Open Shelf   |e Default branch